Central Library OPAC University of Rajshahi
Normal view MARC view

Entry Personal Name

Number of records used in: 2

001 - CONTROL NUMBER

  • control field: 1131

003 - CONTROL NUMBER IDENTIFIER

  • control field: BD-RjUL

005 - DATE AND TIME OF LATEST TRANSACTION

  • control field: 20220203125735.0

008 - FIXED-LENGTH DATA ELEMENTS

  • fixed length control field: 220203|| aca||aabn | a|a d

040 ## - CATALOGING SOURCE

  • Original cataloging agency: BD-RjUL
  • Transcribing agency: BD-RjUL

100 ## - HEADING--PERSONAL NAME

  • Personal name: رينو, ممتاج ;; রেণু, মমতাজ্ব

670 ## - SOURCE DATA FOUND

  • Source citation: Work cat.: (BD-RjUL)79320: رينو, ممتاج ;; রেণু, মমতাজ্ব, میری صورت تیرا ائنه = মেরি সুরাত তেরা আইনা /, 2004